MARC

LEADER 00000nam0a2200000 4500
001 272880
005 20231101234558.0
035 |a (RuTPU)RU\TPU\book\296089 
090 |a 272880 
100 |a 20141022d1987 km y0rusy50 ca 
101 0 |a rus 
102 |a RU 
105 |a a z 001zy 
200 1 |a Приемные устройства ИК-систем  |f П. А. Богомолов, В. И. Сидоров, И. Ф. Усольцев 
210 |a Москва  |c Радио и связь  |d 1987 
215 |a 208 с.  |c ил. 
320 |a Библиогр.: с. 202-207 
606 1 |a Приемники излучения  |x Охлаждение  |2 stltpush  |3 (RuTPU)RU\TPU\subj\51657  |9 70230 
610 1 |a приемные устройства 
610 1 |a ИК-системы 
610 1 |a классификация 
610 1 |a построение 
610 1 |a ИК-устройства 
610 1 |a процессоры 
610 1 |a фоточувствительные материалы 
610 1 |a пировидиконы 
610 1 |a усовершенствование 
675 |a 621.384.3  |v 4 
700 1 |a Богомолов  |b П. А.  |g Павел Александрович 
701 1 |a Сидоров  |b В. И.  |g Вячеслав Иванович 
701 1 |a Усольцев  |b И. Ф. 
801 1 |a RU  |b 63413507  |c 20141022 
801 2 |a RU  |b 63413507  |c 20170320  |g RCR 
942 |c BK